000
00244nam a2200121Ia 4500
100
_a
Bayross/I
942
_c
BK
654
_a
ingress
245
_a
Introduction to Ingress
260
_b
BPB
_a
New Delhi
_c
1993
546
_a
ENGLISH
999
_c
30429
_d
30429